| 000 | 00839cam a22002651 4500 | ||
|---|---|---|---|
| 001 | 13650 | ||
| 003 | BD-RjUL | ||
| 005 | 20211208235505.0 | ||
| 008 | 140201s1963 xx 001 0 eng | ||
| 035 | _a(BD-RjUL)13702 | ||
| 035 | _a(OCoLC)1441703 | ||
| 040 |
_aDLC _cFO _dUk _dDLC _dBD-RjUL _beng |
||
| 041 | _aeng | ||
| 082 |
_a621.38836 _bTOT 1963 |
||
| 100 | 1 |
_aTowers, T. D. _d1914- _942722 |
|
| 245 | 1 | 0 |
_aTransistor television receivers : _ba survey of world circuitry: British, American, German, Russian, Japanese / _cT. D. Towers. |
| 260 |
_aNew York : _bJ. F. Rider, _cc1963. |
||
| 300 |
_a194 p. : _billus., diagrs. ; _c26 cm. |
||
| 504 | _aIncludes Index. | ||
| 650 | 0 |
_aTelevision _xReceivers and reception. _941975 |
|
| 650 | 0 |
_aTransistors. _942723 |
|
| 942 |
_2ddc _cBK |
||
| 999 |
_c13650 _d13650 |
||